Statistics for Donizetti Operas

Click here to take the quiz!

General Stats

  • This quiz has been taken 37 times
  • The average score is 12 of 67

Answer Stats

YearAnswer% Correct
1832L'elisir d'amore
94%
1835Lucia di Lammermoor
90%
1830Anna Bolena
84%
1843Don Pasquale
84%
1834Maria Stuarda
84%
1837Roberto Devereux
68%
1840La favorite
65%
1842Linda di Chamounix
61%
1840La fille du régiment
55%
1838Poliuto
52%
1839, incompleteLe duc d'Albe
48%
1833Lucrezia Borgia
48%
1843Dom Sébastian
39%
1834Gemma di Vergy
35%
1844Caterina Cornaro
32%
1831Gianni di Parigi
23%
1841Maria Padilla
19%
1836Belisario
13%
1830Il diluvio universale
13%
1833Il furioso all'isola di San Domingo
13%
1829Elisabetta al castello di Kenilworth
10%
1843Maria di Rohan
10%
1826Alahor in Granata
6%
1826Elvida
6%
1832Fausta
6%
1831Francesca di Foix
6%
1826Gabriella di Vergy
6%
1836Il campanello di notte
6%
1836L'assedio di Calais
6%
1822La zingara
6%
1838Maria de Rudenz
6%
1841Rita
6%
1822Zoraida di Granata
6%
1841Adelia
3%
1823Alfredo il grande
3%
1828Alina, regina di Golconda
3%
1836Betly
3%
1824Emilia di Liverpool
3%
1818Enrico di Borgogna
3%
1828Gianni di Calais
3%
1827Il borgomastro di Saardam
3%
1829Il giovedì grasso
3%
1816Il Pigmalione
3%
1830Imelda de' Lambertazzi
3%
1830I pazzi per progetto
3%
1824L'ajo nell'imbarazzo
3%
1827Le convenienze teatrali
3%
1828L'esule di Roma
3%
1835Marino Faliero
3%
1827Otto mesi in due ore
3%
1833Parisina
3%
1834Rosmonda d'Inghilterra
3%
1833Torquato Tasso
3%
1832Ugo, conte di Parigi
3%
1818, lostUna follia
3%
1822Chiara e Serafina
0%
1819Il falegname di Livonia
0%
1823Il fortunato inganno
0%
1829Il paria
0%
1822La lettera anonima
0%
1831La romanziera e l'uomo nero
0%
1819Le nozze in villa
0%
1817, incompleteL'ira di Achille
0%
1817, incompleteOlimpiade
0%
1827Olivo e Pasquale
0%
1837Pia de' Tolomei
0%
1832Sancia di Castiglia
0%

Score Distribution

Percentile by Number Answered

Percent of People with Each Score

Your Score History

You have not taken this quiz